01482nam a2200253 a 4500008004100000020001800041050002000059100001800079245013700097260003200234300001400266650003100280650002100311650003900332650001100371650001900382995013200401995013200533995014900665999001700814952012300831952012300954952015101077210929s2021 ||||||||||||||||| || u a9798503056013 aZAM HD 9999 Mpo aMpoha, Clever14aThe business mind of Clever Mposha : the group MD who built SAVENDA GROUP OF COMPANIES into an African conglomeratecby Clever Mpoha aLusakabSavenda Groupc2021 a181 pages aSAVENDA GROUP OF COMPANIES 0aENTREPRENEURSHIP aBUSINESSMEN--ZAMBIA--AUTOBIOGRAPHY aZAMBIA aMPOSHA, CLEVER aSPECIAL COLLECTIONSe751139FCBU-MAIN LIBRARY (Kitwe)jZAM HD 9999 MpoM2UAVAILABLEWSep 29, 2021y751139ZZambiana Collection aSPECIAL COLLECTIONSe751138FCBU-MAIN LIBRARY (Kitwe)jZAM HD 9999 MpoM1UAVAILABLEWSep 29, 2021y751138ZZambiana Collection aMAIN LIBRARY OPEN ACCESSe751140FCBU-MAIN LIBRARY (Kitwe)jHD 9999 MpoM3UAVAILABLEWSep 29, 2021y751140ZMain Library Open Access Collection c77923d77923 00102lcc4070a001b001cZambiana Collectiond2023-05-03l0oZAM HD 9999 Mpop751139r2023-05-03t1w2023-05-03y023 00102lcc4070a001b001cZambiana Collectiond2023-05-03l0oZAM HD 9999 Mpop751138r2023-05-03t2w2023-05-03y023 00102lcc4070a001b001cMain Library Open Access Collectiond2023-05-03l2oZAM HD 9999 Mpop751140r2024-12-19s2024-12-10t3w2023-05-03y002